000 00262nam a2200109Ia 4500
008 220204s9999 xx 000 0 und d
082 _a37.048.4
_bBHA
100 _aBhalla, P P
245 0 _aCareers for young people
260 _aBombay
_bJaico
_c1978
942 _cBK
999 _c31080
_d31080